Financial management: an instructional manual for business and accountancy students (Record no. 43383)

MARC details
000 -LEADER
fixed length control field 00687nam a2200181 a 4500
008 - FIXED-LENGTH DATA ELEMENTS--GENERAL INFORMATION
fixed length control field 120416s1983 ||||||||||||||||| || u
020 ## - INTERNATIONAL STANDARD BOOK NUMBER
International Standard Book Number 090543532x
050 ## - LIBRARY OF CONGRESS CALL NUMBER
Classification number HG 4014 Bro
100 ## - MAIN ENTRY--PERSONAL NAME
Personal name Brockington, Raymond
245 10 - TITLE STATEMENT
Title Financial management: an instructional manual for business and accountancy students
250 ## - EDITION STATEMENT
Edition statement 3rd ed.
260 ## - PUBLICATION, DISTRIBUTION, ETC.
Place of publication, distribution, etc. Hants
Name of publisher, distributor, etc. D.P. Publications
Date of publication, distribution, etc. 1983
300 ## - PHYSICAL DESCRIPTION
Extent vi, 554p. : ill.
350 ## - PRICE (NR) (BK AM CF MU VM SE) [OBSOLETE]
Price 0.00
650 #0 - SUBJECT ADDED ENTRY--TOPICAL TERM
Topical term or geographic name entry element FINANCE--DEVELOPING COUNTRIES
650 ## - SUBJECT ADDED ENTRY--TOPICAL TERM
Topical term or geographic name entry element CORPORATIONS--FINANCE--HANDBOOKS, MANUALS, ETC
995 ## - RECOMMENDATION 995 [LOCAL, UNIMARC FRANCE]
-- 0.00
-- CBU-MAIN LIBRARY (Kitwe)
-- 1
-- 5.50
-- 1
-- DAMAGED
-- Main Library Open Access Collection
Holdings
Withdrawn status Lost status Source of classification or shelving scheme Damaged status Not for loan Home library Current library Shelving location Date acquired Total Checkouts Full call number Barcode Date last seen Price effective from Koha item type
          CBU-MAIN LIBRARY, KITWE. CBU-MAIN LIBRARY, KITWE.   11/30/2022   HG 4014 Bro 026684 11/30/2022 11/30/2022 MONOGRAPH